[Event "3. Cerrado U.E,Montcada 2015"]
[Site "Montcada i Reixac ESP"]
[Date "2015.03.01"]
[Round "6.1"]
[White "Fernandez Diaz, Cristian"]
[Black "Dalo, Hermes"]
[Result "1-0"]
[WhiteElo "2147"]
[BlackElo "2258"]
[PlyCount "65"]
[EventDate "2015.01.25"]
[EventType "tourn"]
[EventRounds "9"]
[EventCountry "ESP"]
[EventCategory "1"]
[Source "lmi"]
[SourceDate "2015.01.25"]

1. d4 Nf6 2. c4 g6 3. Nc3 Bg7 4. e4 d6 5. Nf3 O-O 6. Be2 e5 7. O-O Nc6 8. d5
Ne7 9. b4 Ne8 10. Re1 h6 11. Nd2 f5 12. c5 Nf6 13. f3 f4 14. Nc4 g5 15. Ba3 Ng6
16. b5 dxc5 17. Bxc5 Rf7 18. Qb3 h5 19. Red1 Bf8 20. Qb4 Bxc5+ 21. Qxc5 g4 22.
d6 Nd7 23. dxc7 Qh4 24. Qd6 Kh7 25. Nd5 g3 26. h3 Nb6 27. Qd8 Ne7 28. Nxe7 Rxe7
29. Nxb6 axb6 30. Bc4 Qg5 31. Rd6 Rg7 32. h4 Qe7 33. Bg8+ 1-0

[Event "3. Cerrado U.E,Montcada 2015"]
[Site "Montcada i Reixac ESP"]
[Date "2015.03.01"]
[Round "6.2"]
[White "Gonzalez, Raul Omar"]
[Black "Alarcon Casellas, Rolando"]
[Result "0-1"]
[WhiteElo "2274"]
[BlackElo "2387"]
[PlyCount "114"]
[EventDate "2015.01.25"]
[EventType "tourn"]
[EventRounds "9"]
[EventCountry "ESP"]
[EventCategory "1"]
[Source "lmi"]
[SourceDate "2015.01.25"]

1. d4 d5 2. c4 c6 3. cxd5 cxd5 4. Nc3 Nc6 5. Bf4 e5 6. dxe5 d4 7. Ne4 Bf5 8.
Ng3 Be6 9. Nf3 Qb6 10. Bd2 Nge7 11. e3 dxe3 12. Bxe3 Qxb2 13. Rb1 Qa3 14. Rxb7
Nd5 15. Bd2 Bb4 16. Bb5 Bxd2+ 17. Nxd2 O-O 18. Bxc6 Nc3 19. Qc2 Rac8 20. O-O
Rxc6 21. Qd3 Qxa2 22. h3 h6 23. Kh2 Qa5 24. Qe3 a6 25. Rg1 Rd8 26. Nf3 Nd5 27.
Qa7 Rcc8 28. Nh5 Ra8 29. Qd4 Ne7 30. Ra1 Rxd4 31. Rxa5 Rd5 32. Ra3 Ng6 33. Kg3
Nxe5 34. Nf4 Nxf3 35. Nxd5 Bxd5 36. Rb6 Ng5 37. f3 Nh7 38. Ra5 Rd8 39. Rbxa6
Nf6 40. Rc5 Be6 41. Rc2 Rd4 42. Ra8+ Kh7 43. Kf2 Rb4 44. Rd8 h5 45. Rcd2 g5 46.
R8d4 Rb5 47. h4 g4 48. Kg3 Nd5 49. Re2 Ne7 50. fxg4 hxg4 51. Rxe6 Nf5+ 52. Kxg4
Nxd4 53. Re7 Kg6 54. Kf4 Ne6+ 55. Kg3 Rb3+ 56. Kh2 Rb4 57. Kg3 Ng7 0-1

[Event "3. Cerrado U.E,Montcada 2015"]
[Site "Montcada i Reixac ESP"]
[Date "2015.03.01"]
[Round "6.3"]
[White "Bals Hernandez, Jordi"]
[Black "Cruz, Filemon"]
[Result "0-1"]
[WhiteElo "2137"]
[BlackElo "2404"]
[PlyCount "88"]
[EventDate "2015.01.25"]
[EventType "tourn"]
[EventRounds "9"]
[EventCountry "ESP"]
[EventCategory "1"]
[Source "lmi"]
[SourceDate "2015.01.25"]

1. d4 d6 2. Nf3 Bg4 3. c4 c6 4. Qb3 Qb6 5. Qxb6 axb6 6. Nc3 Nd7 7. e3 Ngf6 8.
Be2 e6 9. Bd2 d5 10. cxd5 exd5 11. h3 Bh5 12. Nh4 Bxe2 13. Kxe2 g6 14. g4 Be7
15. Ng2 O-O 16. Nf4 Bd6 17. Nd3 Ne4 18. Be1 f5 19. f4 Ndf6 20. Nxe4 dxe4 21.
Ne5 Nd5 22. gxf5 Bxe5 23. fxe5 Rxf5 24. Bd2 Raf8 25. Raf1 Rxf1 26. Rxf1 Rxf1
27. Kxf1 Kf7 28. Kf2 Ke6 29. Kg3 Kf5 30. h4 h5 31. b4 b5 32. a3 g5 33. Kh3 Nb6
34. hxg5 Kxg5 35. Kg3 Nd5 36. Kh3 Ne7 37. Be1 Nf5 38. Bf2 Kg6 39. Kg2 Kf7 40.
Kh2 Ke6 41. Kg2 Kd5 42. Kh2 b6 43. Kg2 c5 44. Bg1 c4 0-1

[Event "3. Cerrado U.E,Montcada 2015"]
[Site "Montcada i Reixac ESP"]
[Date "2015.03.01"]
[Round "6.4"]
[White "Asensio Linan, Teodoro"]
[Black "Vidarte Morales, Arturo"]
[Result "1/2-1/2"]
[WhiteElo "2145"]
[BlackElo "2320"]
[PlyCount "32"]
[EventDate "2015.01.25"]
[EventType "tourn"]
[EventRounds "9"]
[EventCountry "ESP"]
[EventCategory "1"]
[Source "lmi"]
[SourceDate "2015.01.25"]

1. e4 c5 2. Nc3 e6 3. Nf3 a6 4. d4 cxd4 5. Nxd4 Qc7 6. f4 b5 7. a3 Bb7 8. Nb3
Nf6 9. Qd3 d6 10. Be2 Nbd7 11. Bf3 Be7 12. O-O O-O 13. Kh1 Rfe8 14. g4 d5 15.
Rd1 Nc5 16. Nxc5 Bxc5 1/2-1/2

[Event "3. Cerrado U.E,Montcada 2015"]
[Site "Montcada i Reixac ESP"]
[Date "2015.03.01"]
[Round "6.5"]
[White "Fernandez Cazorla, Antonio"]
[Black "Ryan, Joseph"]
[Result "1-0"]
[WhiteElo "2213"]
[BlackElo "2234"]
[PlyCount "109"]
[EventDate "2015.01.25"]
[EventType "tourn"]
[EventRounds "9"]
[EventCountry "ESP"]
[EventCategory "1"]
[Source "lmi"]
[SourceDate "2015.01.25"]

1. e4 g6 2. d4 Bg7 3. Nc3 c6 4. h3 d5 5. Nf3 Nf6 6. e5 Ne4 7. Nxe4 dxe4 8. Ng5
c5 9. e6 Bxe6 10. Nxe6 fxe6 11. dxc5 Qxd1+ 12. Kxd1 Bd4 13. Be3 Bxe3 14. fxe3
Nd7 15. Bb5 O-O-O 16. Bxd7+ Rxd7+ 17. Ke2 Rhd8 18. Rad1 Rd5 19. b4 a5 20. a3
Kc7 21. Rhf1 Kc6 22. Rxd5 exd5 23. Rf7 axb4 24. axb4 e5 25. Rxh7 d4 26. Rg7 Ra8
27. Kd2 Ra2 28. Rxg6+ Kd5 29. Rd6+ Kc4 30. c6 bxc6 31. Rxc6+ Kxb4 32. h4 Ra3
33. Re6 Rxe3 34. Rxe5 Rg3 35. Rxe4 Rxg2+ 36. Kd3 Kc5 37. Re5+ Kd6 38. Re2 Rg4
39. Re4 Rg2 40. Rxd4+ Ke5 41. Re4+ Kf5 42. c4 Rg1 43. Re8 Rh1 44. Rh8 Ke5 45.
Re8+ Kd6 46. Re4 Rh3+ 47. Kd4 Kc6 48. Ke5 Kc5 49. Kf5 Kb4 50. Kg4 Rh1 51. h5
Kc3 52. Kg5 Kd3 53. Rh4 Rg1+ 54. Kf6 Rf1+ 55. Ke7 1-0

[Event "3. Cerrado U.E,Montcada 2015"]
[Site "Montcada i Reixac ESP"]
[Date "2015.03.08"]
[Round "7.1"]
[White "Ryan, Joseph"]
[Black "Fernandez Diaz, Cristian"]
[Result "1-0"]
[WhiteElo "2234"]
[BlackElo "2147"]
[PlyCount "83"]
[EventDate "2015.01.25"]
[EventType "tourn"]
[EventRounds "9"]
[EventCountry "ESP"]
[EventCategory "1"]
[Source "lmi"]
[SourceDate "2015.01.25"]

1. e4 c5 2. Nf3 d6 3. Bb5+ Bd7 4. Bxd7+ Qxd7 5. c4 Nc6 6. d4 cxd4 7. Nxd4 Nf6
8. Nc3 g6 9. b3 Bg7 10. Bb2 O-O 11. O-O a6 12. Nd5 Nxd5 13. exd5 Nxd4 14. Bxd4
Bxd4 15. Qxd4 b5 16. Rac1 Rfc8 17. Rfe1 bxc4 18. Rxc4 Qb7 19. h4 Rxc4 20. bxc4
h5 21. Kh2 Qa7 22. Qf4 Rb8 23. Re3 Qc7 24. Rf3 Rf8 25. Qd4 Rc8 26. Qf4 Rf8 27.
g3 Qd7 28. Kg2 Qg4 29. Qxg4 hxg4 30. Re3 Re8 31. Kf1 Kf8 32. Ke2 Rc8 33. Rc3
Rb8 34. Ke3 Rc8 35. Kd3 f5 36. Rb3 Ra8 37. c5 dxc5 38. Rb6 Kf7 39. Rc6 Rb8 40.
Rxc5 Rb2 41. Rc2 Rb1 42. Ke2 1-0

[Event "3. Cerrado U.E,Montcada 2015"]
[Site "Montcada i Reixac ESP"]
[Date "2015.03.08"]
[Round "7.2"]
[White "Vidarte Morales, Arturo"]
[Black "Fernandez Cazorla, Antonio"]
[Result "1/2-1/2"]
[WhiteElo "2320"]
[BlackElo "2213"]
[PlyCount "27"]
[EventDate "2015.01.25"]
[EventType "tourn"]
[EventRounds "9"]
[EventCountry "ESP"]
[EventCategory "1"]
[Source "lmi"]
[SourceDate "2015.01.25"]

1. Nf3 Nf6 2. g3 g6 3. c4 c6 4. b3 d5 5. Bb2 Bg7 6. Bg2 O-O 7. O-O Nbd7 8. cxd5
cxd5 9. d4 Ne4 10. Nc3 Nxc3 11. Bxc3 Nf6 12. Rc1 Bf5 13. Bb4 Re8 14. Qd2
1/2-1/2

[Event "3. Cerrado U.E,Montcada 2015"]
[Site "Montcada i Reixac ESP"]
[Date "2015.03.08"]
[Round "7.3"]
[White "Cruz, Filemon"]
[Black "Asensio Linan, Teodoro"]
[Result "1/2-1/2"]
[WhiteElo "2404"]
[BlackElo "2145"]
[PlyCount "98"]
[EventDate "2015.01.25"]
[EventType "tourn"]
[EventRounds "9"]
[EventCountry "ESP"]
[EventCategory "1"]
[Source "lmi"]
[SourceDate "2015.01.25"]

1. Nf3 d5 2. c4 e6 3. e3 Nf6 4. b3 Be7 5. Bb2 O-O 6. Be2 b6 7. O-O Bb7 8. d3
Nbd7 9. Nbd2 a5 10. a3 Re8 11. Qc2 Bd6 12. cxd5 exd5 13. Nd4 c5 14. Nf5 Bf8 15.
Nf3 g6 16. Ng3 Rc8 17. Rad1 Bg7 18. Qb1 Qc7 19. Rc1 d4 20. Bxd4 Qd6 21. Bb2 Qe6
22. Qc2 h6 23. Rfe1 Bd5 24. Nd2 h5 25. e4 Bb7 26. Nf3 Bh6 27. Rb1 Ng4 28. Qc3
Nde5 29. Nxe5 Nxe5 30. Nf1 Bg7 31. Kh1 Bf6 32. f4 Nd7 33. Qc2 Bd4 34. Bf3 Ba6
35. Ne3 Bxb2 36. Rxb2 Qd6 37. e5 Qd4 38. Be4 f5 39. exf6 Nxf6 40. Nc4 Rcd8 41.
h3 h4 42. Rbb1 Nh5 43. Bxg6 Ng3+ 44. Kh2 Rxe1 45. Rxe1 Qxf4 46. Kg1 Rf8 47. Qd1
Qf2+ 48. Kh2 Nf1+ 49. Rxf1 Qxf1 1/2-1/2

[Event "3. Cerrado U.E,Montcada 2015"]
[Site "Montcada i Reixac ESP"]
[Date "2015.03.08"]
[Round "7.4"]
[White "Alarcon Casellas, Rolando"]
[Black "Bals Hernandez, Jordi"]
[Result "1-0"]
[WhiteElo "2387"]
[BlackElo "2137"]
[PlyCount "61"]
[EventDate "2015.01.25"]
[EventType "tourn"]
[EventRounds "9"]
[EventCountry "ESP"]
[EventCategory "1"]
[Source "lmi"]
[SourceDate "2015.01.25"]

1. d4 Nf6 2. Bg5 e6 3. Nd2 h6 4. Bh4 d5 5. e3 Be7 6. Bd3 b6 7. c3 O-O 8. f4 c5
9. Bxf6 Bxf6 10. Ngf3 Ba6 11. Bxa6 Nxa6 12. Qe2 Nc7 13. h4 Qd7 14. a4 cxd4 15.
exd4 Qd6 16. Qe3 h5 17. Ne5 b5 18. axb5 Rfb8 19. g4 Rxb5 20. gxh5 Rxb2 21. h6
gxh6 22. f5 exf5 23. Rg1+ Bg7 24. Qf3 Qe7 25. Kd1 Qe6 26. Qg2 Ne8 27. Nd3 Rb5
28. Kc2 Rc8 29. Nc5 Qb6 30. Rae1 Rb2+ 31. Kc1 1-0

[Event "3. Cerrado U.E,Montcada 2015"]
[Site "Montcada i Reixac ESP"]
[Date "2015.03.08"]
[Round "7.5"]
[White "Dalo, Hermes"]
[Black "Gonzalez, Raul Omar"]
[Result "0-1"]
[WhiteElo "2258"]
[BlackElo "2274"]
[PlyCount "112"]
[EventDate "2015.01.25"]
[EventType "tourn"]
[EventRounds "9"]
[EventCountry "ESP"]
[EventCategory "1"]
[Source "lmi"]
[SourceDate "2015.01.25"]

1. d4 Nf6 2. Nf3 e6 3. e3 b6 4. Bd3 Bb7 5. Nbd2 c5 6. O-O Be7 7. b3 Nc6 8. a3
Nd5 9. c4 Nf6 10. Bb2 O-O 11. Re1 Rc8 12. Nf1 d5 13. cxd5 exd5 14. Ng3 g6 15.
Rc1 Rc7 16. Bb1 Rd7 17. h4 Re8 18. h5 Bd6 19. hxg6 hxg6 20. Ne2 Ne4 21. Nf4 Be7
22. Nd3 Bd6 23. Nfe5 Nxe5 24. dxe5 Bf8 25. Qg4 Bg7 26. f4 Bc8 27. e6 Bxb2 28.
Nxb2 Rxe6 29. b4 Rde7 30. Qe2 c4 31. Nd1 b5 32. Nf2 Nxf2 33. Qxf2 Qb6 34. e4
dxe4 35. Qxb6 axb6 36. Rcd1 Bb7 37. Re3 Kg7 38. Kf2 f5 39. Rd8 Bc6 40. Rd1 Rd7
41. Rxd7+ Bxd7 42. Re1 Rd6 43. Ke3 Be6 44. Rc1 Kf6 45. g3 Rd7 46. g4 fxg4 47.
Bxe4 Bf5 48. Bc6 Rd3+ 49. Ke2 Bd7 50. Bxd7 Rxd7 51. a4 Kf5 52. axb5 Rd4 53. Ra1
g3 54. Kf3 Rd3+ 55. Kg2 c3 56. Rc1 Kxf4 0-1